Etudes sur alexandre ou le faux prophete de lucien /
Guardado en:
| Autor Principal: | |
|---|---|
| Formato: | Libro |
| Publicado: |
Paris :
Les Belles Lettres,
1938
|
| Materias: | |
| Etiquetas: |
Agregar Etiqueta
Sin Etiquetas, Sea el primero en etiquetar este registro!
|
| LEADER | 00499nam a22001575a 4500 | ||
|---|---|---|---|
| 001 | EHU.bham018713 | ||
| 003 | AR-BHAM | ||
| 005 | 20101108172251.0 | ||
| 008 | 130507s1938##################000#0#####d | ||
| 082 | 8 | 8 | |a 888.07 |
| 100 | 1 | |a Caster, Marcel | |
| 245 | 1 | 0 | |a Etudes sur alexandre ou le faux prophete de lucien / |c Marcel Caster |
| 260 | |a Paris : |b Les Belles Lettres, |c 1938 | ||
| 300 | |a 102 p. | ||
| 653 | |a Miscelanea griega-ensayos | ||
| 859 | |a AR-BHAM |b BIB. HUMANIDADES - Arturo Marasso |h 888.07 |i C276 |p 576.57 |t Ej.1 |v M | ||
